Brad Pitt Movies! - Statistics

General Stats
  • This quiz has been taken 92 times
    54 since last reset
  • The average score is 20 of 124
Answer Stats
Year Movie % Correct
2019 Once Upon A Time... In Hollywood
85%
1999 Fight Club
83%
2005 Mr. and Mrs. Smith
80%
1995 Se7en
78%
2001 Ocean's 11
75%
2004 Ocean's 12
75%
2007 Ocean's 13
73%
2022 Bullet Train
65%
2009 Inglorious Basterds
65%
2009 The Curious Case of Benjamin Button
65%
1991 Thelma and Louise
63%
1998 Meet Joe Black
58%
2011 Moneyball
53%
1997 Seven Years in Tibet
53%
1995 12 Monkeys
50%
2008 Burn After Reading
50%
2000 Snatch
50%
2014 Fury
48%
2004 Troy
45%
2006 Babel
43%
2013 World War Z
43%
1994 Legends of the Fall
40%
1992 A River Runs Through It
38%
2018 Deadpool 2
38%
2015 The Big Short
38%
2001 The Mexican
38%
2013 12 Years A Slave
33%
2019 Ad Astra
33%
1993 Kalifornia
30%
2007 The Assassination of Jesse James by the Coward Robert Ford
30%
2022 Babylon
28%
2011 The Tree of Life
28%
1993 True Romance
23%
2016 Allied
20%
2022 The Lost City
18%
2015 By the Sea
15%
2010 Megamind
15%
1996 Sleepers
15%
2001 Spy Game
15%
2017 War Machine
15%
1991 Johnny Suede
13%
2012 Killing Them Softly
13%
1997 The Devil's Own
13%
2024 Wolfs
13%
1992 Cool World
10%
2013 The Counselor
10%
1989 Cutting Class
8%
2011 Happy Feet Two
8%
1999 Being John Malkovich
5%
2002 Confessions of A Dangerous Mind
5%
1994 Interview With the Vampire: The Vampire Chronicles
5%
1987 Less Than Zero
5%
2003 Sinbad: Legend of the Seven Seas
5%
1988 The Dark Side of the Sun
5%
1994 The Favor
5%
2016 Voyage of Time
5%
2012 8
3%
1990 Across the Tracks
3%
2024 Beetlejuice 2
3%
1989 Happy Together
3%
1987 Hunk
3%
1987 No Man's Land
3%
1987 No Way Out
3%
2006 Running With Scissors
3%
2006 The Departed
3%
TBD Untitled Joseph Kosinski Film
3%
2007 A Mighty Heart
0%
TBD Animal
0%
1988 A Stoning in Fulham County
0%
2018 Beautiful Boy
0%
TBD Black Hole
0%
2022 Blonde
0%
2024 Bob Marley: One Love
0%
2017 Brad's Status
0%
2013 Casting Couch
0%
2005 Charlie and the Chocolate Factory
0%
2010 Eat Pray Love
0%
2020 Fast Times at Ridgemont High Table Read
0%
2022 Father of the Bride
0%
2003 Haggard
0%
TBD Hedda
0%
2018 If Beale Street Could Talk
0%
2020 Irresistible
0%
2020 Kajillionaire
0%
2010 Kick-Ass
0%
2013 Kick-Ass 2
0%
2023 Landscape With Invisible Hand
0%
2024 Mickey 17
0%
2020 Minari
0%
2016 Moonlight
0%
2014 Nightingale
0%
2017 Okja
0%
TBD Once Upon A Time in Shaolin
0%
2008 Pretty/Handsome
0%
2014 Selma
0%
2022 She Said
0%
2009 Stuntmen
0%
TBD The Curious Incident of the Dog in the Night-Time
0%
2019 The Game Changer
0%
2013 The Green Inferno
0%
TBD The Husbands
0%
1990 The Image
0%
2023 The Killer
0%
2019 The King
0%
2019 The Last Black Man in San Francisco
0%
2016 The Lost City of Z
0%
TBD The Nickel Boys
0%
2014 The Normal Heart
0%
2009 The Private Lives of Pippa Lee
0%
2020 The Third Day: Autumn
0%
TBD The Tiger
0%
2009 The Time-Traveler's Wife
0%
TBD The Water Dancer
0%
1990 Too Young to Die?
0%
2015 True Story
0%
1992 Two-Fisted Tales
0%
TBD Untitled Chris Cornell Documentary
0%
TBD Untitled Lee Issac Chung Film
0%
2018 Vice
0%
2009 Where the Wild Things Are
0%
2022 Women Talking
0%
TBD Wrong Answer
0%
2007 Year of the Dog
0%
No matching quizzes found
Score Distribution
Percent of People with Each Score
Percentile by Number Answered
Your Score History
You have not taken this quiz since the last reset